L'évaluation des politiques publiques de l'emploi
Salvato in:
| Autore principale: | |
|---|---|
| Altri autori: | |
| Natura: | Libro |
| Lingua: | francese |
| Pubblicazione: |
Paris
Presses Universitaires de France
1998
|
| Serie: | Que sais - je ?
3358 |
| Soggetti: | |
| Tags: |
Nessun Tag, puoi essere il primo ad aggiungerne!!
|
MARC
| LEADER | 00000nam$a2200000$$$4500 | ||
|---|---|---|---|
| 001 | 0115526 | ||
| 005 | 20240111125204.3 | ||
| 020 | |a 2-13-049094-8 | ||
| 041 | 0 | |a fre | |
| 044 | |a FR | ||
| 245 | 1 | 0 | |a L'évaluation des politiques publiques de l'emploi |c Gilbert Benhayoun, Yvette Lazzeri |
| 264 | 1 | |a Paris |b Presses Universitaires de France |c 1998 | |
| 300 | |a 127 s. | ||
| 490 | 1 | |a Que sais - je ? |v 3358 | |
| 830 | 0 | |a Que sais - je ? |v 3358 | |
| 610 | 2 | 0 | |a zamestnanie |
| 610 | 2 | 0 | |a práca |
| 100 | 1 | |a Benhayoun, Gilbert | |
| 700 | 1 | |a Lazzeri, Yvette | |